000 00457nam a2200157Ia 4500
008 160316s1998 xxu||||| |||| 00| 0 eng d
082 _a305.230120
_bGCC
100 _a
245 _aGlasgow centre for the child and society code of practice on research ethics responsibilities to research participants
250 _a
260 _a
_bGCCS
_c1998
300 _a23
_b
_c
365 _b
650 _aChild and society, research participants
700 _a
_a
999 _c33145
_d33145